[Event "XXXII C.to Italiano Seniores"]
[Site "Arvier ITA"]
[Date "2010.04.18"]
[Round "1"]
[White "Placchetta, Omero"]
[Black "Beltrami, Nerio"]
[Result "0-1"]
[WhiteElo "1668"]
[BlackElo "2027"]
[PlyCount "60"]
[EventDate "2010.04.18"]

1. e4 d6 2. d4 Nf6 3. Nc3 g6 4. Bg5 Bg7 5. Bxf6 exf6 6. Bd3 O-O 7. Nge2 c6 8.
O-O b5 9. a4 b4 10. Nb1 a5 11. c3 Na6 12. cxb4 Nxb4 13. Bc4 f5 14. Nbc3 fxe4
15. d5 cxd5 16. Bxd5 Nxd5 17. Qxd5 Ba6 18. Nb5 Bxb5 19. axb5 Bxb2 20. Ra2 Bg7
21. Rb1 Qb6 22. Rb4 Rab8 23. Rxe4 Qxb5 24. Qxb5 Rxb5 25. g3 Rb4 26. Ra4 Rfb8
27. Raxb4 axb4 28. Nf4 b3 29. Re1 b2 30. Rb1 Ra8 0-1

[Event "XXXII C.to Italiano Seniores"]
[Site "Arvier ITA"]
[Date "2010.04.18"]
[Round "1"]
[White "Quagliarella, Sabino Remo"]
[Black "Neuhold, Piero"]
[Result "1-0"]
[WhiteElo "1916"]
[BlackElo "1557"]
[PlyCount "53"]
[EventDate "2010.04.18"]

1. d4 d5 2. c4 Nf6 3. cxd5 Nxd5 4. Nf3 g6 5. e4 Nb6 6. Nc3 Bg7 7. Be2 O-O 8.
O-O Nc6 9. Be3 e6 10. Qd2 Ne7 11. Rfd1 f5 12. Rac1 c6 13. Bh6 Rf7 14. Bxg7 Rxg7
15. Ne5 Nd7 16. Nc4 fxe4 17. Nxe4 Nd5 18. Bg4 N7f6 19. Nxf6+ Qxf6 20. Nd6 Rd7
21. Ne4 Qf4 22. Bxe6+ Kg7 23. Bxd7 Bxd7 24. Nc5 Qf7 25. Re1 Bf5 26. Re5 Rb8 27.
Rxf5 1-0

[Event "XXXII C.to Italiano Seniores"]
[Site "Arvier ITA"]
[Date "2010.04.18"]
[Round "1"]
[White "Renzini, Lorenzo"]
[Black "Pipitone, Antonio"]
[Result "1/2-1/2"]
[WhiteElo "1746"]
[BlackElo "2088"]
[PlyCount "51"]
[EventDate "2010.04.18"]

1. c4 Nf6 2. Nc3 d6 3. g3 e5 4. Bg2 g6 5. d3 Bg7 6. e4 c6 7. Nf3 O-O 8. O-O Bg4
9. d4 Nbd7 10. Qd3 exd4 11. Qxd4 Bxf3 12. Bxf3 Ne5 13. Be2 Nfg4 14. Qd1 h5 15.
h3 Nf6 16. b3 Qc7 17. Ba3 Rfd8 18. Kg2 Ne8 19. Qc2 d5 20. exd5 cxd5 21. Nb5 Qd7
22. Rad1 Qc6 23. Nd4 Qd7 24. cxd5 Qxd5+ 25. Nf3 Qa5 26. Qc5 1/2-1/2

[Event "XXXII C.to Italiano Seniores"]
[Site "Arvier ITA"]
[Date "2010.04.18"]
[Round "1"]
[White "Squarci, Franco"]
[Black "Rosino, Antonio"]
[Result "0-1"]
[WhiteElo "1795"]
[BlackElo "2235"]
[PlyCount "68"]
[EventDate "2010.04.18"]

1. d4 Nf6 2. Nf3 g6 3. g3 Bg7 4. Bg2 O-O 5. O-O d5 6. Re1 c5 7. c3 b6 8. Nbd2
Bb7 9. Ne5 Nbd7 10. Ndf3 Ne4 11. Ng4 f5 12. Nge5 e6 13. Bf4 Ndf6 14. Ng5 Qe8
15. f3 Nxg5 16. Bxg5 Nd7 17. Nxd7 Qxd7 18. e4 cxd4 19. cxd4 dxe4 20. Be3 exf3
21. Bxf3 Bxf3 22. Qxf3 Bxd4 23. Rad1 e5 24. Bxd4 exd4 25. Re5 Rad8 26. Qa3 Rfe8
27. Rde1 Rxe5 28. Rxe5 d3 29. Re7 Qd4+ 30. Kf1 d2 31. Qb3+ Kh8 32. Qd1 Qg4 33.
Re2 Qf3+ 34. Kg1 Qxe2 0-1

[Event "XXXII C.to Italiano Seniores"]
[Site "Arvier ITA"]
[Date "2010.04.18"]
[Round "1"]
[White "Viola, Mario"]
[Black "D'Aulisa, Francesco"]
[Result "1-0"]
[WhiteElo "2065"]
[BlackElo "1741"]
[PlyCount "55"]
[EventDate "2010.04.18"]

1. d4 e6 2. Nf3 d6 3. e4 a6 4. Bd3 h6 5. c4 Nd7 6. Nc3 Ne7 7. Be3 b6 8. O-O Bb7
9. e5 g5 10. exd6 cxd6 11. Re1 Rg8 12. Be4 Bxe4 13. Nxe4 Ng6 14. Nfd2 f5 15.
Bxg5 hxg5 16. Nxd6+ Bxd6 17. Rxe6+ Be7 18. Qh5 Nf6 19. Qxg5 Qxd4 20. Rae1 O-O-O
21. Qxf5 Kb8 22. Nb3 Qg4 23. Rxb6+ Ka7 24. Qa5 Qxc4 25. g3 Bd6 26. Rc1 Qe2 27.
Nd4 Qd3 28. Nc6+ 1-0

[Event "XXXII C.to Italiano Seniores"]
[Site "Arvier ITA"]
[Date "2010.04.19"]
[Round "2"]
[White "Acunzo, Domenico"]
[Black "Gardi, Giuseppe"]
[Result "0-1"]
[WhiteElo "1804"]
[BlackElo "2024"]
[PlyCount "72"]
[EventDate "2010.04.18"]

1. e4 g6 2. d4 d6 3. f4 d5 4. e5 h5 5. Nc3 Nh6 6. Nf3 Bg4 7. Be2 e6 8. h3 Bxf3
9. Bxf3 Qh4+ 10. Ke2 Nf5 11. Kd3 c5 12. Ne2 Nc6 13. c3 Qd8 14. Be3 Qb6 15. b3
cxd4 16. Bxd4 Bc5 17. Bxc5 Qxc5 18. Qg1 Qb5+ 19. Kd2 Rc8 20. Qf2 d4 21. Bxc6+
Qxc6 22. c4 Qc5 23. Kd3 a5 24. Rac1 h4 25. Ng1 a4 26. Rb1 b5 27. cxb5 Qxb5+ 28.
Kd2 Qb4+ 29. Ke2 Rc3 30. bxa4 Qc4+ 31. Kd2 O-O 32. Qe2 Qxa2+ 33. Kd1 Qxa4+ 34.
Kd2 Ng3 35. Qb5 Ne4+ 36. Ke1 Rc1+ 0-1

[Event "XXXII C.to Italiano Seniores"]
[Site "Arvier ITA"]
[Date "2010.04.19"]
[Round "2"]
[White "Battaglia, Emanuele"]
[Black "Brugnolo, Paolo"]
[Result "1-0"]
[WhiteElo "1675"]
[BlackElo "1501"]
[PlyCount "85"]
[EventDate "2010.04.18"]

1. d4 d5 2. c4 Nf6 3. Nc3 e6 4. Bg5 Be7 5. e3 O-O 6. Nf3 c5 7. Bd3 cxd4 8. exd4
Nc6 9. a3 dxc4 10. Bxc4 Qa5 11. O-O a6 12. Be2 Rd8 13. Be3 Nd5 14. Nxd5 Qxd5
15. Rc1 Bf6 16. Bc4 Qd7 17. Qd2 Ne7 18. Rfd1 Nf5 19. Ne5 Qe7 20. Qe1 Bd7 21.
Nxd7 Rxd7 22. Rd3 Nxe3 23. fxe3 Rad8 24. Rcd1 Rd6 25. Qb4 b5 26. Ba2 Qb7 27.
Qb3 Qd5 28. Bb1 Qh5 29. g3 Qg4 30. Qc2 Rd5 31. Qg2 Rh5 32. e4 Bg5 33. d5 exd5
34. exd5 Be3+ 35. Kh1 Bb6 36. Ba2 Rf5 37. Rf1 Re5 38. Qf3 Qg6 39. d6 Rc5 40.
Bxf7+ Qxf7 41. Qxf7+ Kh8 42. Qf8+ Rxf8 43. Rxf8# 1-0

[Event "XXXII C.to Italiano Seniores"]
[Site "Arvier ITA"]
[Date "2010.04.19"]
[Round "2"]
[White "Beltrami, Nerio"]
[Black "Quagliarella, Sabino Remo"]
[Result "0-1"]
[WhiteElo "2027"]
[BlackElo "1916"]
[PlyCount "86"]
[EventDate "2010.04.18"]

1. e4 g6 2. d4 Bg7 3. Nc3 c6 4. f4 d5 5. e5 Nh6 6. Nf3 Bg4 7. Be2 e6 8. Be3 Nf5
9. Bf2 Qb6 10. Qd2 Nd7 11. O-O h5 12. h3 Bxf3 13. Bxf3 Qd8 14. g3 h4 15. g4 Ng3
16. Rfe1 Bf8 17. Kg2 c5 18. Nxd5 exd5 19. Bxd5 Nb6 20. Bxb7 Be7 21. Bc6+ Kf8
22. Rad1 Rc8 23. d5 Kg8 24. b3 Bf8 25. Qa5 Qc7 26. Bxc5 Nxd5 27. Qxc7 Nxc7 28.
Bxf8 Rxf8 29. Rd7 Ne6 30. Kf3 Rc8 31. Rd6 Rxc6 32. c4 Rc7 33. Rc1 Kg7 34. b4
Rhc8 35. c5 a5 36. a3 axb4 37. axb4 Rb8 38. Rc4 Rcb7 39. c6 Rxb4 40. c7 Rb3+
41. Kf2 Rb2+ 42. Ke1 Rc8 43. Rdc6 Rb7 0-1

[Event "XXXII C.to Italiano Seniores"]
[Site "Arvier ITA"]
[Date "2010.04.19"]
[Round "2"]
[White "Catalano, Luigi"]
[Black "Bogatto, Mario"]
[Result "0-1"]
[WhiteElo "1659"]
[BlackElo "1451"]
[PlyCount "126"]
[EventDate "2010.04.18"]

1. e4 d6 2. g3 Nf6 3. Bg2 Nc6 4. d3 Bg4 5. Nf3 Ne5 6. Nbd2 Qd7 7. h3 Bxf3 8.
Nxf3 Nxf3+ 9. Qxf3 e5 10. g4 Qc6 11. c3 h6 12. O-O Be7 13. Be3 Nd7 14. Qe2 Nb6
15. Rab1 O-O-O 16. c4 Bg5 17. b3 Bxe3 18. Qxe3 Qc5 19. Qd2 Nd7 20. a4 a5 21. b4
axb4 22. Rxb4 Qa5 23. Rfb1 b6 24. Qc2 c6 25. Qa2 Kc7 26. R4b2 f6 27. Rd2 Rb8
28. d4 Rhf8 29. Rbb2 Ra8 30. dxe5 fxe5 31. Qa3 Nc5 32. Kf1 Qxa4 33. Qc3 Qa3 34.
Qxa3 Rxa3 35. Ra2 Rfa8 36. Rxa3 Rxa3 37. f3 Rd3 38. Rc2 Ra3 39. Kf2 Nd3+ 40.
Kg3 Nf4 41. Bf1 g5 42. Rc1 Ne6 43. Bg2 Nd4 44. Kf2 Ra2+ 45. Kf1 Rc2 46. Ra1 Kb7
47. Ra4 Ne2 48. Rb4 Nf4 49. Rb1 Nxg2 50. Kg1 Ne3 51. c5 dxc5 52. Re1 Rc3 53.
Kf2 Nc4 54. Kg3 b5 55. Re2 b4 56. Rf2 b3 57. h4 Rc2 58. Rf1 b2 59. hxg5 hxg5
60. f4 exf4+ 61. Kh3 Rc1 62. Rf2 b1=Q 63. e5 Rh1+ 0-1

[Event "XXXII C.to Italiano Seniores"]
[Site "Arvier ITA"]
[Date "2010.04.19"]
[Round "2"]
[White "Cavatorta, Fosco"]
[Black "Barlocco, Carlo"]
[Result "1-0"]
[WhiteElo "1981"]
[BlackElo "2173"]
[PlyCount "71"]
[EventDate "2010.04.18"]

1. d4 Nf6 2. Nf3 e6 3. e3 c5 4. Bd3 b6 5. O-O Bb7 6. c4 Be7 7. Nc3 O-O 8. Re1
Nc6 9. d5 Nb4 10. Bb1 exd5 11. a3 Na6 12. cxd5 d6 13. e4 Re8 14. Bg5 Ng4 15.
Bxe7 Qxe7 16. Bc2 Bc8 17. e5 Nc7 18. h3 Nh6 19. exd6 Qxd6 20. Rxe8+ Nxe8 21.
Ne4 Qd8 22. d6 Bf5 23. Qd5 Rc8 24. Rd1 Bxe4 25. Qxe4 Nf6 26. Qe5 Nd7 27. Qe7 f6
28. Ba4 Nf8 29. d7 Rb8 30. Qxd8 Rxd8 31. Re1 c4 32. Re8 Nf7 33. Nd4 a6 34. Ne6
b5 35. Nxd8 Nd6 36. Rxf8+ 1-0

[Event "XXXII C.to Italiano Seniores"]
[Site "Arvier ITA"]
[Date "2010.04.19"]
[Round "2"]
[White "Centofante, Maria Rosa"]
[Black "Squarci, Franco"]
[Result "1/2-1/2"]
[WhiteElo "1585"]
[BlackElo "1795"]
[PlyCount "121"]
[EventDate "2010.04.18"]

1. d4 Nf6 2. Nf3 c6 3. c4 d5 4. Nc3 e6 5. Bg5 Be7 6. cxd5 exd5 7. e3 Bg4 8. Be2
Nbd7 9. a3 O-O 10. O-O Re8 11. h3 Bh5 12. Nh2 Bxe2 13. Qxe2 Ne4 14. Bxe7 Qxe7
15. Nf3 Qf6 16. Rac1 Re6 17. Nh2 Qg6 18. Qg4 Qh6 19. Nxe4 dxe4 20. Rfe1 Nf6 21.
Qg3 Nd5 22. Ng4 Qg6 23. Qh4 f6 24. Rc2 h5 25. Nh2 Rae8 26. Kh1 f5 27. Rg1 Qh6
28. g4 fxg4 29. hxg4 hxg4 30. Rxg4 Qxh4 31. Rxh4 Rh6 32. Rxh6 gxh6 33. Ng4 Kh7
34. Rc1 h5 35. Ne5 Rf8 36. Kg2 Rf5 37. Rh1 Kg7 38. Rh3 Rg5+ 39. Rg3 Rxg3+ 40.
Kxg3 Nf6 41. Kh4 Kh6 42. Nf7+ Kg6 43. Ne5+ Kh6 44. Nf7+ Kg6 45. Nd6 b5 46. Nc8
a5 47. Ne7+ Kf7 48. Nxc6 Ng4 49. Kxh5 Nxf2 50. Nxa5 Nd1 51. Kg5 Ke6 52. Kf4 Kd5
53. b4 Nb2 54. Nb7 Nc4 55. Nc5 Nd6 56. a4 bxa4 57. Nxa4 Kc4 58. Nc5 Kxb4 59.
Nxe4 Nb5 60. Nc5 Kc4 61. Ke5 1/2-1/2

[Event "XXXII C.to Italiano Seniores"]
[Site "Arvier ITA"]
[Date "2010.04.19"]
[Round "2"]
[White "Colombo, Paolo"]
[Black "Bisignano, Giuseppe"]
[Result "1-0"]
[WhiteElo "2119"]
[BlackElo "1942"]
[PlyCount "115"]
[EventDate "2010.04.18"]

1. d4 Nf6 2. Nf3 g6 3. c4 Bg7 4. Nc3 O-O 5. e4 d6 6. Be2 e5 7. O-O Nc6 8. d5
Ne7 9. Ne1 Ne8 10. Nd3 f5 11. Bd2 f4 12. Bg4 Nf6 13. Bxc8 Rxc8 14. f3 g5 15. h3
Ng6 16. Qa4 Ra8 17. c5 a6 18. Ne2 h5 19. Kf2 g4 20. hxg4 hxg4 21. Rh1 g3+ 22.
Ke1 Nd7 23. Bb4 b5 24. Qa5 dxc5 25. Bxc5 Nb6 26. b3 Nxd5 27. exd5 e4 28. fxe4
Bxa1 29. Bxf8 Qxf8 30. Qxc7 Bg7 31. Nexf4 Ne5 32. Qb6 Re8 33. Qe3 Ng4 34. Qxg3
Rxe4+ 35. Kd2 Qa3 36. Rc1 Qxa2+ 37. Rc2 Ne3 38. Qxg7+ Kxg7 39. Rxa2 Nf1+ 40.
Kd1 Ne3+ 41. Kc1 Nf5 42. Rxa6 Nd4 43. Ne6+ Nxe6 44. Rxe6 Rd4 45. Kd2 Rxd5 46.
Rb6 Rd4 47. Rxb5 Rg4 48. Ne1 Rg3 49. Ke2 Kf6 50. Kf2 Rc3 51. Nf3 Ke6 52. g4 Kf6
53. Kg3 Kg6 54. Kf4 Kf6 55. g5+ Kg6 56. Ne5+ Kh5 57. Rb6 Rf3+ 58. Kxf3 1-0

[Event "XXXII C.to Italiano Seniores"]
[Site "Arvier ITA"]
[Date "2010.04.19"]
[Round "2"]
[White "D'Aulisa, Francesco"]
[Black "Chiandussi, Livio"]
[Result "1-0"]
[WhiteElo "1741"]
[BlackElo "1551"]
[PlyCount "83"]
[EventDate "2010.04.18"]

1. e4 e6 2. f4 d5 3. e5 c5 4. d4 Nc6 5. Bb5 Qb6 6. Bxc6+ bxc6 7. Nf3 Ba6 8. c3
cxd4 9. Nxd4 Bc5 10. b4 Be7 11. Be3 c5 12. Qa4+ Kf8 13. Nc2 Rd8 14. Nd2 Bb5 15.
Qb3 Nh6 16. a4 Bd3 17. a5 Qc7 18. bxc5 Bxc5 19. Bxc5+ Qxc5 20. Qb4 Rc8 21. Ne3
Qxb4 22. cxb4 Nf5 23. Nxf5 Bxf5 24. O-O Ke7 25. Rfc1 Kd7 26. Nb3 Rxc1+ 27. Rxc1
Rc8 28. Rxc8 Kxc8 29. b5 Bd3 30. Nd4 Kc7 31. Kf2 Kb7 32. Ke3 Bc4 33. Kd2 Kc7
34. Kc3 h6 35. Kb4 g6 36. Kc5 h5 37. g3 Bf1 38. Nc6 Kb7 39. Nd8+ Kc7 40. Nxf7
Bxb5 41. Kxb5 d4 42. Kc4 1-0

[Event "XXXII C.to Italiano Seniores"]
[Site "Arvier ITA"]
[Date "2010.04.19"]
[Round "2"]
[White "De Polzer, Manfredi"]
[Black "Chiapponi, Paola"]
[Result "1-0"]
[WhiteElo "1795"]
[BlackElo "1735"]
[PlyCount "73"]
[EventDate "2010.04.18"]

1. e4 d5 2. exd5 Nf6 3. Nf3 Nxd5 4. Ne5 Qd6 5. d4 Nc6 6. Bb5 Bd7 7. O-O Nxe5 8.
dxe5 Qe6 9. Bxd7+ Qxd7 10. c4 Nb6 11. Qc2 Rd8 12. b3 e6 13. Be3 Be7 14. Nc3 O-O
15. Rfd1 Qc8 16. a4 c5 17. Ne4 Qc7 18. Bg5 Bxg5 19. Nxg5 g6 20. Qe4 h6 21. Nf3
Qe7 22. h4 Rxd1+ 23. Rxd1 Nc8 24. Qe3 Kg7 25. Rd3 b6 26. Qd2 a6 27. Rd7 Qe8 28.
Nh2 h5 29. g4 Rh8 30. g5 Ne7 31. Nf3 Nf5 32. Kg2 Qa8 33. Qf4 Qc6 34. Rd3 Nd4
35. Kh3 Nxf3 36. Qf6+ Kh7 37. Qxf7# 1-0

[Event "XXXII C.to Italiano Seniores"]
[Site "Arvier ITA"]
[Date "2010.04.19"]
[Round "2"]
[White "Diena, Giovanni"]
[Black "Antonelli, Fabrizio"]
[Result "0-1"]
[WhiteElo "1837"]
[BlackElo "2030"]
[PlyCount "110"]
[EventDate "2010.04.18"]

1. c4 Nf6 2. Nc3 g6 3. g3 Bg7 4. Bg2 O-O 5. Nf3 d6 6. O-O e5 7. d3 c6 8. Bd2
Nbd7 9. Qc1 Re8 10. e4 Nc5 11. Qc2 a5 12. Rab1 Bg4 13. h3 Bxf3 14. Bxf3 Ne6 15.
Be3 Nd7 16. b3 Nd4 17. Bxd4 exd4 18. Ne2 Ne5 19. Nxd4 c5 20. Bg2 cxd4 21. a3
Nc6 22. Kh2 Qe7 23. Rbe1 Rac8 24. f4 Qc7 25. f5 Be5 26. fxg6 fxg6 27. Rf3 Rf8
28. Ref1 Rxf3 29. Rxf3 Rf8 30. Qf2 Rxf3 31. Qxf3 Qf7 32. Qg4 Kg7 33. h4 h5 34.
Qf3 Qxf3 35. Bxf3 Nd8 36. Kh3 Ne6 37. Bd1 Nc5 38. Bc2 Kf6 39. Kg2 g5 40. Kf3
gxh4 41. gxh4 Bh2 42. Kg2 Bf4 43. Kf3 Bc1 44. b4 axb4 45. axb4 Na6 46. b5 Nc5
47. Kg3 Kg6 48. Kf3 Kf6 49. Ke2 Ne6 50. Kd1 Bf4 51. b6 Nc5 52. Ke2 Bg3 53. Kf3
Bxh4 54. Kf4 Bg5+ 55. Kg3 Kg6 0-1

[Event "XXXII C.to Italiano Seniores"]
[Site "Arvier ITA"]
[Date "2010.04.19"]
[Round "2"]
[White "Lisandri, Luigi"]
[Black "Piazza, Giacomo"]
[Result "0-1"]
[WhiteElo "1488"]
[BlackElo "1634"]
[PlyCount "62"]
[EventDate "2010.04.18"]

1. c4 g6 2. e4 Bg7 3. d4 d6 4. Nf3 Nd7 5. Be2 e6 6. O-O Ne7 7. Bg5 h6 8. Bh4 b6
9. Nc3 Bb7 10. Qc2 a6 11. Rad1 g5 12. Bg3 Ng6 13. e5 Nf4 14. Bxf4 gxf4 15. Qd2
Qe7 16. Qxf4 f5 17. exd6 cxd6 18. Qh4 Bf6 19. Qh5+ Kd8 20. Kh1 Kc7 21. d5 Rag8
22. Qh3 Rg6 23. g3 h5 24. Rfe1 Ne5 25. Nxe5 Bxe5 26. Bf3 h4 27. Kg1 hxg3 28.
Qxh8 Bxh8 29. Rxe6 gxh2+ 30. Kh1 Rxe6 31. dxe6 Bxf3+ 0-1

[Event "XXXII C.to Italiano Seniores"]
[Site "Arvier ITA"]
[Date "2010.04.19"]
[Round "2"]
[White "Maestri, Roberto"]
[Black "Bonino, Silvano"]
[Result "1-0"]
[WhiteElo "1630"]
[BlackElo "1428"]
[PlyCount "107"]
[EventDate "2010.04.18"]

1. e4 c6 2. d4 e6 3. Nf3 d5 4. Nc3 dxe4 5. Nxe4 Nd7 6. Bd3 Ngf6 7. Bg5 Be7 8.
O-O Nxe4 9. Bxe7 Qxe7 10. Bxe4 Nf6 11. Bd3 O-O 12. c3 c5 13. Qc2 cxd4 14. Nxd4
a6 15. Rfe1 Rd8 16. Re3 g6 17. Rae1 Qd6 18. h3 Nd5 19. Rg3 b5 20. h4 Nf4 21.
Be4 Bb7 22. Bxb7 Rab8 23. Bf3 Rbc8 24. Ne2 e5 25. h5 Ne6 26. hxg6 fxg6 27. Be4
Nd4 28. Nxd4 Qxd4 29. Bxg6 Qd2 30. Bxh7+ Kh8 31. Rh3 Qxe1+ 32. Kh2 e4 33. Bf5+
Kg7 34. Bxc8 Rxc8 35. g3 Rf8 36. Kg2 e3 37. Qh7+ Kf6 38. Qh6+ Ke5 39. Qxe3+
Qxe3 40. fxe3 Ke4 41. g4 Rg8 42. Rg3 Rg5 43. b3 Kd3 44. Kf3 Kxc3 45. Kf4 Rg8
46. e4+ Kd4 47. g5 Rf8+ 48. Kg4 Kxe4 49. g6 Rg8 50. Kg5 Rg7 51. Kf6 Rc7 52. g7
Rc6+ 53. Ke7 Rc7+ 54. Kd6 1-0

[Event "XXXII C.to Italiano Seniores"]
[Site "Arvier ITA"]
[Date "2010.04.19"]
[Round "2"]
[White "Neri, Angelo"]
[Black "Laco, Giuseppe"]
[Result "0-1"]
[WhiteElo "1930"]
[BlackElo "2105"]
[PlyCount "78"]
[EventDate "2010.04.18"]

1. e4 c5 2. Nf3 Nc6 3. Bb5 e6 4. Nc3 a6 5. Bxc6 bxc6 6. d3 d5 7. O-O Qc7 8. e5
h6 9. Qe2 Ne7 10. Bf4 g5 11. Bg3 Nf5 12. h3 Be7 13. Rad1 a5 14. b3 h5 15. Na4
Ba6 16. c4 O-O-O 17. Rfe1 Rdg8 18. Qb2 g4 19. hxg4 Nxg3 20. fxg3 hxg4 21. Nh2
Rh5 22. Qe2 Rhg5 23. d4 cxd4 24. Rxd4 Bb4 25. Red1 Rxe5 26. Qc2 f5 27. cxd5
cxd5 28. Qxc7+ Kxc7 29. Rc1+ Kd6 30. Nf1 Bb5 31. Nc3 Bxc3 32. Rxc3 Re1 33. Rf4
Rf8 34. Rc2 e5 35. Rff2 d4 36. Rb2 e4 37. a4 Bd3 38. b4 axb4 39. Rxb4 Kc5 0-1

[Event "XXXII C.to Italiano Seniores"]
[Site "Arvier ITA"]
[Date "2010.04.19"]
[Round "2"]
[White "Neuhold, Piero"]
[Black "Pettarini, Renato"]
[Result "0-1"]
[WhiteElo "1557"]
[BlackElo "1775"]
[PlyCount "56"]
[EventDate "2010.04.18"]

1. d4 Nf6 2. c4 e6 3. Nc3 Bb4 4. Nf3 b6 5. e3 Ba6 6. Bd2 d5 7. Qa4+ Qd7 8. Qxb4
dxc4 9. Bxc4 Nc6 10. Qa4 Bb7 11. O-O O-O 12. Ba6 Bxa6 13. Qxa6 Nb4 14. Qb5 Qe7
15. Qa4 c5 16. a3 Nbd5 17. Nxd5 exd5 18. dxc5 bxc5 19. Bc3 Ne4 20. Rac1 f5 21.
b4 c4 22. Qd1 Rad8 23. Bd4 f4 24. Qe2 Rf5 25. Nd2 Nxd2 26. Qxd2 f3 27. g3 Qe6
28. Rfd1 Rh5 0-1

[Event "XXXII C.to Italiano Seniores"]
[Site "Arvier ITA"]
[Date "2010.04.19"]
[Round "2"]
[White "Pipitone, Antonio"]
[Black "Caldi, Mario"]
[Result "0-1"]
[WhiteElo "2088"]
[BlackElo "1819"]
[PlyCount "114"]
[EventDate "2010.04.18"]

1. e4 e6 2. d4 d5 3. Nc3 Bb4 4. e5 c5 5. a3 Bxc3+ 6. bxc3 Qc7 7. Nf3 Nc6 8. Be2
Nge7 9. O-O O-O 10. a4 f6 11. exf6 Rxf6 12. Bg5 Rf7 13. Bh4 Nf5 14. Bg3 Nxg3
15. hxg3 Qe7 16. Qd2 c4 17. Ng5 Rf5 18. f4 h6 19. Nf3 Bd7 20. Nh4 Rf6 21. Bg4
Raf8 22. Rfe1 Qd6 23. Qe3 Ne7 24. Re2 Nf5 25. Bxf5 exf5 26. Nf3 Be8 27. Ne5 h5
28. Ree1 g5 29. Reb1 b6 30. a5 b5 31. fxg5 f4 32. gxf4 Rxf4 33. Rf1 Rxf1+ 34.
Rxf1 Rxf1+ 35. Kxf1 Bg6 36. Qf4 Kg7 37. Kf2 Qe6 38. Nxg6 Kxg6 39. Kf3 Qf5 40.
Kg3 Qxg5+ 41. Qxg5+ Kxg5 42. a6 h4+ 43. Kh3 Kh5 44. g3 hxg3 45. Kxg3 Kg5 46.
Kf3 Kf5 47. Ke3 Kg4 48. Kd2 Kf4 49. Ke2 Ke4 50. Kd2 b4 51. cxb4 Kxd4 52. b5 Kc5
53. Ke3 Kxb5 54. Kd4 Kxa6 55. Kxd5 Kb5 56. Ke4 Kb4 57. Ke3 Kc3 0-1

[Event "XXXII C.to Italiano Seniores"]
[Site "Arvier ITA"]
[Date "2010.04.19"]
[Round "2"]
[White "Rosino, Antonio"]
[Black "Giani, Franco"]
[Result "1-0"]
[WhiteElo "2235"]
[BlackElo "1985"]
[PlyCount "59"]
[EventDate "2010.04.18"]

1. e4 c5 2. Nf3 g6 3. c3 Bg7 4. d4 cxd4 5. cxd4 d6 6. Nc3 a6 7. a4 Nf6 8. h3
O-O 9. Be2 Bd7 10. e5 Ne8 11. Bf4 Nc6 12. O-O Rc8 13. Re1 Qa5 14. Bf1 Qd8 15.
Qb3 dxe5 16. dxe5 Na5 17. Qb4 e6 18. Rad1 Qc7 19. Rxd7 Qxd7 20. Qxa5 Nc7 21.
Rd1 Qe8 22. Be3 f6 23. Bc5 Rf7 24. Ne4 Qc6 25. Nd6 Rd8 26. Nd4 Qd7 27. Nxf7
Qxf7 28. Bd6 fxe5 29. Qxc7 Qxc7 30. Bxc7 1-0

[Event "XXXII C.to Italiano Seniores"]
[Site "Arvier ITA"]
[Date "2010.04.19"]
[Round "2"]
[White "Rossi, Giampiero"]
[Black "Viola, Mario"]
[Result "1-0"]
[WhiteElo "1914"]
[BlackElo "2065"]
[PlyCount "165"]
[EventDate "2010.04.18"]

1. d4 Nf6 2. c4 e6 3. Nc3 d5 4. cxd5 exd5 5. Bg5 Be7 6. e3 h6 7. Bh4 c6 8. Qc2
Nh5 9. Bxe7 Qxe7 10. Nxd5 Qd6 11. Nc3 Nf6 12. Nf3 O-O 13. Be2 Bg4 14. O-O Bxf3
15. Bxf3 Na6 16. a3 Rad8 17. Rfd1 Qe7 18. Rac1 Rfe8 19. b4 g6 20. Be2 Nc7 21.
Bc4 Kg7 22. h3 Ne6 23. Bxe6 fxe6 24. Ne4 Nd5 25. Nc5 Nf6 26. Nd3 Nd7 27. a4 h5
28. b5 cxb5 29. axb5 e5 30. dxe5 Nxe5 31. Qb2 Kf8 32. Nxe5 Rxd1+ 33. Rxd1 Qxe5
34. Qxe5 Rxe5 35. Ra1 Rxb5 36. Rxa7 Ke7 37. g3 Kd6 38. h4 Kc6 39. Kg2 Re5 40.
Ra3 Re6 41. f4 Kb5 42. Rb3+ Kc4 43. Rxb7 Kd3 44. Kf2 Ke4 45. Rb4+ Kf5 46. Kf3
Ra6 47. Rb5+ Kf6 48. Rg5 Ra3 49. f5 gxf5 50. Rxh5 Rb3 51. Rh6+ Kg7 52. Rd6 Rb1
53. g4 fxg4+ 54. Kxg4 Re1 55. Kf3 Rf1+ 56. Ke2 Rh1 57. Rd4 Rh3 58. Rf4 Kg6 59.
Kd3 Kh5 60. Kd4 Kg6 61. e4 Ra3 62. Rg4+ Kh5 63. Rf4 Kg6 64. Rf5 Ra4+ 65. Ke3
Ra3+ 66. Kf4 Ra4 67. h5+ Kg7 68. Rg5+ Kh6 69. Re5 Ra1 70. Kf3 Rf1+ 71. Ke3 Rd1
72. Rd5 Rc1 73. Kd4 Rc2 74. Ke5 Kxh5 75. Kf6+ Kh6 76. e5 Rf2+ 77. Ke7 Kg7 78.
e6 Kg6 79. Rd3 Ra2 80. Rg3+ Kf5 81. Kf7 Rh2 82. e7 Rh7+ 83. Kf8 1-0

[Event "XXXII C.to Italiano Seniores"]
[Site "Arvier ITA"]
[Date "2010.04.19"]
[Round "2"]
[White "Rotelli, Pietro"]
[Black "Papa, Angelo"]
[Result "1/2-1/2"]
[WhiteElo "1993"]
[BlackElo "1855"]
[PlyCount "54"]
[EventDate "2010.04.18"]

1. d4 g6 2. c4 Bg7 3. Nc3 Nf6 4. e4 d6 5. f3 O-O 6. Be3 Nc6 7. Nge2 a6 8. a4 a5
9. Qd2 Bd7 10. b3 b6 11. Rd1 Qc8 12. Bh6 e5 13. Bxg7 Kxg7 14. Nd5 Qd8 15. dxe5
Nxe5 16. Nec3 Rc8 17. Be2 Nxd5 18. Nxd5 Re8 19. O-O Be6 20. Qd4 f6 21. Ne3 Qe7
22. f4 Nc6 23. Qc3 Kg8 24. Bf3 Nb4 25. Rfe1 Qg7 26. g3 Rf8 27. Nd5 Nxd5 1/2-1/2

[Event "XXXII C.to Italiano Seniores"]
[Site "Arvier ITA"]
[Date "2010.04.19"]
[Round "2"]
[White "Tibaldeschi, Attilio"]
[Black "Cesati Cassin, Giorgio"]
[Result "0-1"]
[WhiteElo "1750"]
[BlackElo "1567"]
[PlyCount "100"]
[EventDate "2010.04.18"]

1. Nf3 g6 2. Nc3 Bg7 3. b3 d6 4. Bb2 Nf6 5. e3 O-O 6. Be2 e5 7. d3 Nbd7 8. O-O
c6 9. Nd2 Nb6 10. a4 a5 11. Bf3 d5 12. Rc1 Re8 13. Ba3 Be6 14. Ne2 Bg4 15. Ng3
Bxf3 16. Qxf3 Rc8 17. Rfd1 Nbd7 18. Rb1 c5 19. h4 h5 20. Ngf1 Nb6 21. g3 Qd7
22. Nh2 Qe6 23. c4 e4 24. dxe4 dxe4 25. Qe2 Ng4 26. Ndf1 f5 27. Bb2 Bxb2 28.
Rxb2 Ne5 29. Rbd2 Nd3 30. f3 Nd7 31. g4 Kh7 32. g5 N7e5 33. fxe4 fxe4 34. Ng3
Ng4 35. Rf1 Rf8 36. Nxg4 Rxf1+ 37. Kxf1 hxg4 38. Qg2 Rf8+ 39. Kg1 Rf3 40. Rxd3
exd3 41. Nf1 Qf5 42. Nd2 Rxe3 43. Qxb7+ Kg8 44. Qa8+ Kg7 45. Qb7+ Qf7 46. Qxf7+
Kxf7 47. Kf1 g3 48. Nb1 Re2 49. Nc3 g2+ 50. Kg1 Rc2 0-1

[Event "XXXII C.to Italiano Seniores"]
[Site "Arvier ITA"]
[Date "2010.04.20"]
[Round "3"]
[White "Antonelli, Fabrizio"]
[Black "Rossi, Giampiero"]
[Result "1-0"]
[WhiteElo "2030"]
[BlackElo "1914"]
[PlyCount "63"]
[EventDate "2010.04.18"]

1. e4 c5 2. Nf3 e6 3. d4 cxd4 4. Nxd4 a6 5. Bd3 Nf6 6. O-O d6 7. Nc3 Bd7 8. Rb1
Nc6 9. Nb3 Be7 10. f4 O-O 11. Qf3 Qc7 12. Be3 Rfc8 13. g4 b5 14. g5 Ne8 15.
Rbd1 Na5 16. Nxa5 Qxa5 17. Bd2 Qd8 18. Qg4 g6 19. f5 exf5 20. exf5 Ng7 21. Nd5
Bc6 22. Be4 gxf5 23. Rxf5 Ra7 24. Nf6+ Kh8 25. Bc3 Bxe4 26. Qxe4 Rxc3 27. bxc3
Nxf5 28. Qxf5 Bxf6 29. gxf6 Rc7 30. Qg5 Qf8 31. Rxd6 Rxc3 32. Rd8 1-0

[Event "XXXII C.to Italiano Seniores"]
[Site "Arvier ITA"]
[Date "2010.04.20"]
[Round "3"]
[White "Barlocco, Carlo"]
[Black "D'Aulisa, Francesco"]
[Result "1-0"]
[WhiteElo "2173"]
[BlackElo "1741"]
[PlyCount "57"]
[EventDate "2010.04.18"]

1. d4 d5 2. c4 dxc4 3. Nf3 Nf6 4. e3 b5 5. a4 c6 6. axb5 cxb5 7. b3 e6 8. bxc4
bxc4 9. Bxc4 Bb4+ 10. Nbd2 O-O 11. O-O Bb7 12. Qb3 Nc6 13. Ba3 a5 14. Rfc1 Qe7
15. Bb5 Bxa3 16. Qxa3 Nb4 17. Ne5 Nfd5 18. Nb3 Rfc8 19. Rxc8+ Bxc8 20. Nxa5 Qc7
21. Rc1 Nc2 22. Qb3 Ndb4 23. Qxb4 Rxa5 24. Qb2 Rxb5 25. Qxb5 h6 26. Qe8+ Kh7
27. Qxf7 Qc3 28. Qg6+ Kg8 29. Qxc2 1-0